| 000 | 01182pam a2200289 a 4500 | ||
|---|---|---|---|
| 999 |
_c330199 _d330199 |
||
| 001 | 2014283 | ||
| 003 | NUST | ||
| 005 | 20170613123022.0 | ||
| 008 | 910411s1991 flua b 001 0 eng | ||
| 010 | _a 91017549 | ||
| 020 | _a084936549X | ||
| 040 |
_aDLC _cDLC _dDLC |
||
| 050 | 0 | 0 |
_aQP519.9.H53 _bH5355 1991 |
| 082 | 0 | 0 |
_a574.19245 MAN _220 |
| 245 | 0 | 0 |
_aHigh-performance liquid chromatography of peptides and proteins : _bseparation, analysis, and conformation / _cEditors, Colin T. Mant, Robert S. Hodges. |
| 260 |
_aBoca Raton : _bCRC Press, _cc1991. |
||
| 300 |
_a938 p. : _bill. ; _c26 cm. |
||
| 500 | _aH.B | ||
| 504 | _aIncludes bibliographical references and index. | ||
| 650 | 0 |
_aHigh performance liquid chromatography. _92550 |
|
| 650 | 0 |
_aProteins _xAnalysis. _92551 |
|
| 650 | 0 |
_aPeptides _xAnalysis. _92552 |
|
| 700 | 1 |
_aMant, Colin T. _92553 |
|
| 700 | 1 |
_aHodges, Robert S. _92554 |
|
| 856 | 4 | 2 |
_3Publisher description _uhttp://www.loc.gov/catdir/enhancements/fy0744/91017549-d.html |
| 906 |
_a7 _bcbc _corignew _d1 _eocip _f19 _gy-gencatlg |
||
| 942 |
_2ddc _cBK _kIESE |
||